The Taliban's war on women: (Record no. 214)

MARC details
000 -LEADER
fixed length control field 008490000a22002170004500
005 - DATE AND TIME OF LATEST TRANSACTION
control field 20231130153830.0
008 - FIXED-LENGTH DATA ELEMENTS--GENERAL INFORMATION
fixed length control field 230817t1998 ||||| |||| 00| 0 eng d
020 ## - ISBN
ISBN 187970725X
080 ## - UNIVERSAL DECIMAL CLASSIFICATION NUMBER
Classification Number 305.42
Call Number IAC
942 ## - ADDED ENTRY ELEMENTS (KOHA)
Item Type Reports
100 ## - MAIN ENTRY--PERSONAL NAME
Personal Name Iacopino, Vincent
110 ## - MAIN ENTRY--CORPORATE NAME
Corporate Name Physicians for Human rights
245 ## - TITLE STATEMENT
Title The Taliban's war on women:
Sub Title a health and human rights crisis in Afghanistan
260 ## - PUBLICATION, DISTRIBUTION, ETC. (IMPRINT)
Place of Publication Boston:
Name of Publisher Physician for Human Rights,
Date of Copyright 1998
300 ## - PHYSICAL DESCRIPTION
Extent ix, 119 p., [8] p. of plates : ill., 1 map ; 23 cm
856 ## - ELECTRONIC LOCATION AND ACCESS
Uniform Resource Identifier <a href="https://www.peacewomen.org/sites/default/files/Health_TalibanWarWomen_PHR_1998_0.pdf">https://www.peacewomen.org/sites/default/files/Health_TalibanWarWomen_PHR_1998_0.pdf</a>
650 ## - SUBJECT ADDED ENTRY--TOPICAL TERM
Topical Term WOMEN'S RIGHTS-Afghanistan
650 ## - SUBJECT ADDED ENTRY--TOPICAL TERM
Topical Term Women -- Health and hygiene -- Afghanistan
650 ## - SUBJECT ADDED ENTRY--TOPICAL TERM
Topical Term Sex discrimination against women -- Afghanistan
650 ## - SUBJECT ADDED ENTRY--TOPICAL TERM
Topical Term Women -- Afghanistan -- Social conditions -- 20th century
Holdings
Withdrawn status Lost status Source of classification or shelving scheme Damaged status Not for loan Permanent location Current location Date acquired Total Checkouts Full call number Barcode Date last seen Price effective from Koha item type
    Dewey Decimal Classification     Resource center, Muslim Women's Research And Action Forum Resource center, Muslim Women's Research And Action Forum 2023-08-17   305.42 IAC RAF160 2023-08-17 2023-08-17 Reports

Copyright © 2023 Muslim Women's Research and Action Forum (MWRAF), No 27/3, Anderson Road, Kalubowila, Dehiwela. Funded by The Asia Fundation